Electrofocusing of grain proteins from wheat genotypes (Record no. 45787)

MARC details
000 -LEADER
fixed length control field 00342nam a2200121Ia 4500
100 ## - MAIN ENTRY--AUTHOR NAME
Personal name Wrigley CW
245 #0 - TITLE STATEMENT
Title Electrofocusing of grain proteins from wheat genotypes
260 ## - PUBLICATION, DISTRIBUTION, ETC. (IMPRINT)
Name of publisher Annals of the New York Academy of Sciences
Year of publication 1973
300 ## - PHYSICAL DESCRIPTION
Number of Pages 154-162
700 ## - ADDED ENTRY--PERSONAL NAME
Personal name Shepherd KW
942 ## - ADDED ENTRY ELEMENTS (KOHA)
Koha item type Reprints
Holdings
Withdrawn status Lost status Damaged status Not for loan Home library Current library Date acquired Serial Enumeration / chronology Accession Number Koha item type
      Reprints RRII Library RRII Library 22/12/2021 Volume 209, Issue 15-Jun P852 Reprints